Cartas de la iglesia primitiva / (Record no. 95692)

MARC details
000 -LEADER
campo de control de longitud fija 00494nam a2200169 i 4500
001 - NÚMERO DE CONTROL
campo de control 95692
003 - IDENTIFICADOR DE NÚMERO DE CONTROL
campo de control ES-MaACL
005 - FECHA Y HORA DE LA ÚLTIMA TRANSACCIÓN
campo de control 20230906181745.0
007 - CAMPO FIJO DE DESCRIPCIÓN FÍSICA--INFORMACIÓN GENERAL
campo de control de longitud fija t|
008 - DATOS DE LONGITUD FIJA--INFORMACIÓN GENERAL
campo de control de longitud fija 050602s1961 sp ||||1| spa d
100 1# - ENTRADA PRINCIPAL--NOMBRE DE PERSONA
Nombre de persona Lloyd, Roger.
9 (RLIN) 72954
245 10 - MENCIÓN DEL TÍTULO
Título Cartas de la iglesia primitiva /
Mención de responsabilidad, etc. Roger Lloyd; traducción de R. Castelltort Illa.
260 ## - PUBLICACIÓN, DISTRIBUCIÓN, ETC.
Lugar de publicación, distribución, etc. Barcelona :
Nombre del editor, distribuidor, etc. Zeus,
Fecha de publicación, distribución, etc. 1961.
300 ## - DESCRIPCIÓN FÍSICA
Extensión 277 p. ;
Dimensiones 19 cm.
700 1# - ENTRADA AGREGADA--NOMBRE PERSONAL
Nombre de persona Castelltort Illa, R.
9 (RLIN) 36604
852 ## - LOCALIZACIÓN
Ubicación ES-MaACL
Número de control de estantería C-21665
Sublocalización o colección R.50280
Holdings
Estatus retirado Estado de pérdida Estado de daño No para préstamo Biblioteca de origen Biblioteca actual Ubicación en estantería Fecha de adquisición Fuente de adquisición Total de préstamos Signatura topográfica completa Código de barras Visto por última vez Precio de reemplazo Tipo de ítem Koha
        Biblioteca del Ateneo de Madrid Biblioteca del Ateneo de Madrid Galería 17/01/2008     C-21665 1099921 23/02/2023 23/02/2023 Libro impreso